000 00602nam a2200229Ia 4500
003 OSt
005 20221007071055.0
006 a|||||r|||| 00| 0
007 ta
008 221006b |||||||| |||| 00| 0 eng d
024 _a11,111
037 _cTextual
040 _aFLL
_cFLL
_beng
041 _2eng
_aeng
082 _aV1:2:N3, G7
100 _aVerma K.L. Au.
_9688083
245 0 _aSome modern constitutions
260 _aLahore
_bMalhotra brothers Pakistan
_c1937
300 _a674p
_ccm.
942 _hV1:2:N3, G7
_cTEXL
_2CC
999 _c1142367
_d1142367